How to make your small computer pay off : (Record no. 55774)
[ view plain ]
| 000 -LEADER | |
|---|---|
| fixed length control field | 00787nam a2200241 a 4500 |
| 001 - CONTROL NUMBER | |
| control field | 55774 |
| 003 - CONTROL NUMBER IDENTIFIER | |
| rucl marc code | BD-RjUL |
| 005 - DATE AND TIME OF LATEST TRANSACTION | |
| control field | 20211209080319.0 |
| 008 - FIXED-LENGTH DATA ELEMENTS--GENERAL INFORMATION | |
| fixed length control field | 161121s1983 caua 001 0 eng |
| 020 ## - INTERNATIONAL STANDARD BOOK NUMBER | |
| International Standard Book Number | 0534979262 (pbk.) |
| 035 ## - SYSTEM CONTROL NUMBER | |
| System control number | (BD-RjUL)55898 |
| 040 ## - CATALOGING SOURCE | |
| Original cataloging agency | DLC |
| Transcribing agency | DLC |
| Modifying agency | BD-RjUL |
| Language of cataloging | eng |
| 041 ## - LANGUAGE CODE | |
| Language code of text/sound track or separate title | eng |
| 082 00 - DEWEY DECIMAL CLASSIFICATION NUMBER | |
| Edition number | 23 |
| Classification number | 004.16 |
| Author mark and year | GAH 1983 |
| 100 1# - MAIN ENTRY--PERSONAL NAME | |
| Personal name | Gagliardi, Gary. |
| 9 (RLIN) | 166088 |
| 245 10 - TITLE STATEMENT | |
| Title | How to make your small computer pay off : |
| Remainder of title | what the first-time business system buyer must know / |
| Statement of responsibility, etc. | Gary Gagliardi. |
| 260 ## - PUBLICATION, DISTRIBUTION, ETC. (IMPRINT) | |
| Place of publication, distribution, etc. | Belmont, Calif. : |
| Name of publisher, distributor, etc. | Lifetime Learning Publications, |
| Date of publication, distribution, etc. | c1983. |
| 300 ## - PHYSICAL DESCRIPTION | |
| Pagination | xii, 279 p. : |
| Illustrations | ill. ; |
| Size | 24 cm. |
| 500 ## - GENERAL NOTE | |
| General note | Includes index. |
| 650 #0 - SUBJECT ADDED ENTRY--TOPICAL TERM | |
| Topical term or geographic name as entry element | Microcomputers |
| General subdivision | Purchasing. |
| 9 (RLIN) | 166089 |
| Topical term or geographic name as entry element | Business |
| General subdivision | Data processing. |
| 9 (RLIN) | 151130 |
| 942 ## - ADDED ENTRY ELEMENTS (KOHA) | |
| Source of classification or shelving scheme | Dewey Decimal Classification |
| Koha item type | Books |
| Lost status | Source of classification or shelving scheme | Damaged status | Not for loan | Collection code | Permanent Location | Current Location | Shelving location | Date acquired | Source of acquisition | Cost, normal purchase price | Total Checkouts | Full call number | Date last seen | Copy number | Koha item type |
|---|---|---|---|---|---|---|---|---|---|---|---|---|---|---|---|
| Dewey Decimal Classification | Non-fiction | Central Library, University of Rajshahi | Central Library, University of Rajshahi | 02/06/1990 | N/A | 0.00 | 004.16 GAH 1983 | 21/11/2016 | C-2 | Books | |||||
| Dewey Decimal Classification | Not For Loan | Non-fiction | Central Library, University of Rajshahi | Central Library, University of Rajshahi | Reading Room | 02/06/1990 | Asia Foundation | 004.16 GAH 1983 | 13/03/2017 | C-1 | Books |